Medición de rendimientos de mano en obra para la construcción de residencias en Costa Rica y determinación de factores de ajuste para los publicados por el RSMeans
Enregistré dans:
| Auteur principal: | |
|---|---|
| Autres auteurs: | |
| Format: | Livre |
| Langue: | Spanish |
| Publié: |
[San José], Costa Rica
2020
|
| Sujets: | |
| Tags: |
Ajouter un tag
Pas de tags, Soyez le premier à ajouter un tag!
|
MARC
| LEADER | 00000nam a2200000Ia 4500 | ||
|---|---|---|---|
| 003 | 013218 | ||
| 005 | 20230314083956.0 | ||
| 008 | 140116s2020 cr a 000 ||spa d | ||
| 040 | |c cru CEDI | ||
| 100 | |a Mena Solís, Ronald Mauricio, 1994- |9 228 | ||
| 245 | |a Medición de rendimientos de mano en obra para la construcción de residencias en Costa Rica y determinación de factores de ajuste para los publicados por el RSMeans | ||
| 260 | |a [San José], Costa Rica |c 2020 | ||
| 500 | |a Proyecto de graduación (licenciatura en ingeniería civil)--Universidad de Costa Rica. Facultad de Ingeniería. Escuela de Ingeniería Civil | ||
| 501 | |a Director de Proyecto de Graduación: Ing. Robert Anglin Fonseca, MSc | ||
| 650 | |x CONSTRUCCION DE VIVIENDAS - COSTA RICA |x RENDIMIENTO DEL TRABAJO - MEDICIONES |x MANO DE OBRA - COSTA RICA | ||
| 700 | |9 186 |a Anglin Fonseca, Robert Anthony, 1967- |d Director del TFG | ||
| 942 | |c CEDI |h TFG 8369 |6 TFG_8369_000000000000000 | ||
| 999 | |c 13367 |d 13367 | ||
